[Event "IND-ch Challengers (Women) 44th"]
[Site "Mysore"]
[Date "2017.07.23"]
[Round "5"]
[White "Meenakshi, Subbaraman"]
[Black "Alka, Das"]
[Result "1-0"]
[WhiteElo "2181"]
[BlackElo "1887"]
[PlyCount "133"]
[EventDate "2017.07.21"]
[EventType "swiss"]
[EventRounds "11"]
[EventCountry "IND"]
[SourceTitle "EXT 2019"]
[Source "ChessBase"]
[SourceDate "2018.10.10"]
[SourceVersion "1"]
[SourceVersionDate "2018.10.10"]
[SourceQuality "1"]

1. d4 f5 2. c4 Nf6 3. Nf3 e6 4. Nc3 Be7 5. g3 b6 6. Bg2 Bb7 7. 0-0 0-0 8. d5 Qe8 9. Bf4 Bd8 10. d6 c5 11. a3 Nh5 12. Be5 Nc6 13. b4 f4 14. Ne4 fxg3 15. hxg3 Rxf3 16. exf3 Nxe5 17. bxc5 Nxc4 18. Qd4 Bd5 19. Rac1 bxc5 20. Qd3 Ne5 21. Qc3 Nc6 22. Nxc5 Bf6 23. Qd2 Nd4 24. Qd3 Qg6 25. Rfe1 Qxd3 26. Nxd3 Nxf3+ 27. Bxf3 Bxf3 28. Rc7 Bd8 29. Rc2 Bc6 30. Ne5 Rc8 31. Rec1 Nf6 32. a4 Kf8 33. Nxc6 Rxc6 34. Rxc6 dxc6 35. Rxc6 a5 36. Rc7 Ne4 37. Rd7 Bf6 38. Ra7 Nxd6 39. Rxa5 Bd4 40. Kg2 Ke7 41. Ra8 Kf6 42. f3 Ke7 43. Kf1 Kd7 44. Ke2 Nc8 45. Kd3 Bf2 46. Ra5 h6 47. g4 Be1 48. Rb5 Nd6 49. Rb8 Bg3 50. Rb2 Be5 51. Re2 Bf6 52. Rc2 Nb7 53. Kc4 Kc6 54. Re2 e5 55. Rc2 Na5+ 56. Kd3+ Kd6 57. Ke4 Nb3 58. Ra2 Kc5 59. a5 Nxa5 60. Rxa5+ Kd6 61. Kf5 Ke7 62. Ra7+ Kd6 63. Kg6 e4 64. fxe4 Ke5 65. Rxg7 Bg5 66. Kh5 Bf6 67. Rg6 1-0

[Event "IND-ch Challengers (Women) 43rd"]
[Site "Chennai"]
[Date "2016.06.23"]
[Round "9"]
[White "Vantika, Agrawal"]
[Black "Alka, Das"]
[Result "0-1"]
[WhiteElo "1961"]
[BlackElo "1941"]
[PlyCount "116"]
[EventDate "2016.06.17"]
[EventType "swiss"]
[EventRounds "11"]
[EventCountry "IND"]
[SourceTitle "CBM 173 Extra"]
[Source "ChessBase"]
[SourceDate "2016.08.29"]
[SourceVersion "1"]
[SourceVersionDate "2016.08.29"]
[SourceQuality "1"]

1. d4 f5 2. Nf3 Nf6 3. g3 e6 4. Bg2 Be7 5. 0-0 0-0 6. c4 d6 7. Nc3 a5 8. Qc2 Nc6 9. a3 e5 10. d5 Nb8 11. Ng5 Qe8 12. Ne6 Bxe6 13. dxe6 Qh5 14. Nd5 Nc6 15. Nxe7+ Nxe7 16. Bxb7 Ng4 17. h4 Rab8 18. Bf3 f4 19. Qe4 Nf5 20. e3 Rf6 21. exf4 Nxh4 22. Bxg4 Qxg4 23. Qd5 Rh6 24. e7+ Kh8 25. fxe5 Nf3+ 26. Qxf3 Qxf3 27. Bxh6 gxh6 28. exd6 cxd6 29. Rfe1 Re8 30. b4 Qf6 31. b5 Rxe7 32. Rxe7 Qxe7 33. Rd1 Qc7 34. Rb1 Qb6 35. a4 Kg7 36. Rd1 Kf6 37. Kg2 Ke6 38. Rh1 Qc7 39. Rxh6+ Kf5 40. Rh4 Kg5 41. Rd4 Kg6 42. Kf3 Qc5 43. Ke4 Kf7 44. g4 Ke7 45. f4 Qa3 46. g5 Qxa4 47. f5 Qc2+ 48. Kf4 Qc1+ 49. Ke4 Qxg5 50. Rd5 Qc1 51. f6+ Ke6 52. Rd4 a4 53. f7 Kxf7 54. Kd5 a3 55. b6 a2 56. b7 Qb1 57. c5 Qxb7+ 58. Kxd6 a1Q 0-1

[Event "IND-ch Challengers (Women) 43rd"]
[Site "Chennai"]
[Date "2016.06.20"]
[Round "6"]
[White "Alka, Das"]
[Black "Toshali, V."]
[Result "1/2-1/2"]
[WhiteElo "1941"]
[BlackElo "1729"]
[PlyCount "83"]
[EventDate "2016.06.17"]
[EventType "swiss"]
[EventRounds "11"]
[EventCountry "IND"]
[SourceTitle "CBM 173 Extra"]
[Source "ChessBase"]
[SourceDate "2016.08.29"]
[SourceVersion "1"]
[SourceVersionDate "2016.08.29"]
[SourceQuality "1"]

1. e4 Nc6 2. Nf3 d6 3. d4 Nf6 4. Nc3 Bg4 5. Bb5 a6 6. Bxc6+ bxc6 7. 0-0 e6 8. Qd3 Be7 9. e5 Nd7 10. Qe4 Bxf3 11. Qxf3 dxe5 12. dxe5 Nxe5 13. Qe4 Bd6 14. Bf4 f5 15. Qe2 Qf6 16. Rfe1 Ng4 17. Bxd6 cxd6 18. Qxe6+ Qxe6 19. Rxe6+ Kd7 20. Re2 Rae8 21. Rae1 Rxe2 22. Rxe2 Re8 23. Rxe8 Kxe8 24. h3 Ne5 25. Ne2 Kd7 26. b3 c5 27. Nf4 Kc6 28. Ne6 g6 29. f4 Nd7 30. c4 Nf6 31. Kf2 d5 32. Ke3 d4+ 33. Kf3 Kd6 34. Nd8 Ne4 35. Nf7+ Ke7 36. Ne5 Nc3 37. a3 Nb1 38. b4 Kd6 39. Ke2 Nxa3 40. bxc5+ Kxc5 41. Kd3 a5 42. Nd7+ 1/2-1/2

[Event "IND-ch Challengers (Women) 43rd"]
[Site "Chennai"]
[Date "2016.06.19"]
[Round "4"]
[White "Alka, Das"]
[Black "Pooja, Shukla"]
[Result "0-1"]
[WhiteElo "1941"]
[BlackElo "1524"]
[PlyCount "72"]
[EventDate "2016.06.17"]
[EventType "swiss"]
[EventRounds "11"]
[EventCountry "IND"]
[SourceTitle "CBM 173 Extra"]
[Source "ChessBase"]
[SourceDate "2016.08.29"]
[SourceVersion "1"]
[SourceVersionDate "2016.08.29"]
[SourceQuality "1"]

1. e4 c5 2. Nf3 d6 3. d4 cxd4 4. Nxd4 Nf6 5. Nc3 a6 6. a4 e6 7. g3 Be7 8. Bg2 Qc7 9. 0-0 0-0 10. Be3 Nc6 11. Nb3 Ne5 12. Nd2 Neg4 13. Qe2 Nxe3 14. Qxe3 Rd8 15. Rad1 d5 16. exd5 exd5 17. Nb3 Be6 18. h3 Bb4 19. Nd4 Re8 20. Nxe6 fxe6 21. Rd3 Nd7 22. Nxd5 exd5 23. Qd4 Ne5 24. Bxd5+ Kh8 25. Qxb4 Nxd3 26. cxd3 Rab8 27. Qh4 h6 28. Be4 Qe5 29. Qg4 Qf6 30. b4 b5 31. Rc1 Rf8 32. Kh1 bxa4 33. f4 a3 34. Rc6 a2 35. Rxf6 a1Q+ 36. Kg2 Qxf6 0-1

[Event "IND-ch Challengers (Women) 43rd"]
[Site "Chennai"]
[Date "2016.06.18"]
[Round "2"]
[White "Alka, Das"]
[Black "Soumya, Swaminathan"]
[Result "0-1"]
[WhiteElo "1941"]
[BlackElo "2346"]
[PlyCount "58"]
[EventDate "2016.06.17"]
[EventType "swiss"]
[EventRounds "11"]
[EventCountry "IND"]
[SourceTitle "CBM 173 Extra"]
[Source "ChessBase"]
[SourceDate "2016.08.29"]
[SourceVersion "1"]
[SourceVersionDate "2016.08.29"]
[SourceQuality "1"]

1. e4 g6 2. d4 Bg7 3. f4 d5 4. e5 h5 5. Bd3 Nh6 6. Be3 c6 7. Nd2 Bf5 8. Nb3 Qb6 9. Nf3 a5 10. Qd2 a4 11. Nc5 e6 12. 0-0 Qa7 13. b3 axb3 14. cxb3 b6 15. Na4 Bxd3 16. Qxd3 0-0 17. Nh4 Qe7 18. g3 Nd7 19. Rfc1 Rfc8 20. Rc2 c5 21. dxc5 bxc5 22. Rac1 c4 23. Qd2 Rcb8 24. Rb2 Qa3 25. Rcb1 Rxa4 26. bxa4 Rxb2 27. Qxb2 Qxe3+ 28. Qf2 Qd3 29. Qf1 Qa3 0-1

[Event "IND-ch Challengers (Women) 43rd"]
[Site "Chennai"]
[Date "2016.06.17"]
[Round "1"]
[White "Radha, Kumari Vemparala"]
[Black "Alka, Das"]
[Result "0-1"]
[WhiteElo "1279"]
[BlackElo "1941"]
[PlyCount "78"]
[EventDate "2016.06.17"]
[EventType "swiss"]
[EventRounds "11"]
[EventCountry "IND"]
[SourceTitle "CBM 173 Extra"]
[Source "ChessBase"]
[SourceDate "2016.08.29"]
[SourceVersion "1"]
[SourceVersionDate "2016.08.29"]
[SourceQuality "1"]

1. Nf3 d6 2. d4 f5 3. e3 Nf6 4. Bd3 e6 5. Nbd2 Nc6 6. c3 Be7 7. e4 f4 8. 0-0 0-0 9. Nc4 Nd7 10. Re1 e5 11. Qb3 Kh8 12. Be2 g5 13. h3 Qe8 14. Nh2 exd4 15. Qd1 Bf6 16. Bh5 Qe6 17. Qd3 Nc5 18. Qc2 Qxc4 19. Bd2 dxc3 20. Be2 Nd4 21. Bxc4 Nxc2 22. Bxc3 Bxc3 23. bxc3 Nxa1 24. Rxa1 Nxe4 25. Rc1 c6 26. Bd3 Nc5 27. Bc4 Be6 28. Bxe6 Nxe6 29. Ng4 b5 30. Rd1 Rad8 31. Nh6 d5 32. Re1 Rde8 33. Kf1 d4 34. cxd4 Nxd4 35. Rxe8 Rxe8 36. Nf7+ Kg7 37. Nxg5 h6 38. Nf3 Nxf3 39. gxf3 c5 0-1

[Event "IND-chB (Women) 42nd"]
[Site "Bhayandar"]
[Date "2015.07.05"]
[Round "5"]
[White "Alka, Das"]
[Black "Nandhidhaa, PV."]
[Result "1/2-1/2"]
[WhiteElo "1978"]
[BlackElo "2176"]
[PlyCount "95"]
[EventDate "2015.07.02"]
[EventType "swiss"]
[EventRounds "11"]
[EventCountry "IND"]
[SourceTitle "CBM 167 Extra"]
[Source "ChessBase"]
[SourceDate "2015.09.14"]
[SourceVersion "1"]
[SourceVersionDate "2015.09.14"]
[SourceQuality "1"]

1. e4 c5 2. Nf3 e6 3. d4 cxd4 4. Nxd4 a6 5. Nc3 b5 6. a3 Bb7 7. g3 Qc7 8. Bg2 Nf6 9. 0-0 d6 10. f4 Nbd7 11. Nb3 Be7 12. g4 Nc5 13. Qe2 Nxb3 14. cxb3 Rc8 15. Be3 h5 16. h3 hxg4 17. hxg4 Nd7 18. Rac1 Qd8 19. g5 g6 20. Qg4 Rh5 21. Rf3 Nc5 22. Rh3 Rxh3 23. Qxh3 Nd3 24. Rf1 Kd7 25. Nd5 Rc6 26. e5 Rc2 27. Nb6+ Kc7 28. exd6+ Qxd6 29. Bxb7 Kxb7 30. Rd1 Bd8 31. Qf3+ Rc6 32. Qe4 Bxb6 33. Rxd3 Bxe3+ 34. Qxe3 Rc1+ 35. Qxc1 Qxd3 36. Qc3 Qf5 37. Qd4 Kc6 38. b4 e5 39. Qc5+ Kd7 40. Qa7+ Ke8 41. Qb8+ Kd7 42. Qb7+ Kd8 43. Qb8+ Ke7 44. Qc7+ Kf8 45. Qd6+ Ke8 46. Qb8+ Ke7 47. Qc7+ Ke8 48. Qb8+ 1/2-1/2

[Event "IND-chB (Women) 35th"]
[Site "Calicut"]
[Date "2008.06.10"]
[Round "7"]
[White "Sangeetha, MR."]
[Black "Alka, Das"]
[Result "0-1"]
[WhiteElo "2102"]
[BlackElo "2035"]
[PlyCount "107"]
[EventDate "2008.06.06"]
[EventType "swiss"]
[EventRounds "11"]
[EventCountry "IND"]
[SourceTitle "CBM 124 Extra"]
[Source "ChessBase"]
[SourceDate "2008.07.03"]
[SourceVersion "1"]
[SourceVersionDate "2008.07.03"]
[SourceQuality "1"]

1. e4 c5 2. Nf3 Nc6 3. d4 cxd4 4. Nxd4 Nf6 5. Nc3 g6 6. Be2 Bg7 7. Be3 0-0 8. Qd2 d5 9. Nxc6 bxc6 10. e5 Ng4 11. Bxg4 Bxg4 12. f4 Qc7 13. Na4 f6 14. exf6 Bxf6 15. 0-0 d4 16. Bf2 c5 17. Rae1 Bd7 18. Qd3 c4 19. Qa3 Bf5 20. Nc5 Qc6 21. c3 d3 22. Rd1 a5 23. Qa4 Qxa4 24. Nxa4 Bg4 25. Rd2 Be2 26. Re1 g5 27. f5 Rac8 28. Rexe2 dxe2 29. Rxe2 Rfd8 30. g4 Rd1+ 31. Kg2 Ra1 32. a3 Rb1 33. Re4 Rc6 34. Re2 Kf7 35. Nc5 Rd1 36. Kf3 Rd5 37. Ne6 h6 38. a4 Ke8 39. Bd4 Bxd4 40. Nxd4 Rb6 41. Ke4 Rd7 42. h3 Kf7 43. Rf2 Kf6 44. Re2 Rdb7 45. Nb5 Rd7 46. Nd4 Rd8 47. Rf2 Rbd6 48. Rg2 Rd5 49. Rf2 R8d6 50. Rg2 Re5+ 51. Kf3 Rb6 52. Nb5 e6 53. fxe6 Rbxe6 54. Rg1 0-1

[Event "IND-chB (Women) 34th"]
[Site "Hyderabad"]
[Date "2007.05.21"]
[Round "?"]
[White "Alka, Das"]
[Black "Mitali, Madhukar Patil"]
[Result "1/2-1/2"]
[WhiteElo "2023"]
[BlackElo "1918"]
[PlyCount "193"]
[EventDate "2007.05.21"]
[EventType "swiss"]
[EventRounds "11"]
[EventCountry "IND"]
[SourceTitle "EXT 2010"]
[Source "ChessBase"]
[SourceDate "2010.11.25"]
[SourceVersion "1"]
[SourceVersionDate "2010.11.25"]
[SourceQuality "1"]

1. e4 e5 2. Nf3 Nc6 3. Bb5 a6 4. Ba4 Nf6 5. 0-0 Be7 6. Re1 b5 7. Bb3 d6 8. c3 0-0 9. h3 Na5 10. Bc2 c5 11. d4 Qc7 12. d5 Nc4 13. Nbd2 Nxd2 14. Bxd2 c4 15. Nh2 Re8 16. f4 exf4 17. Bxf4 Nd7 18. Nf3 Bf6 19. Qd2 Ne5 20. Nd4 Ng6 21. Be3 Bd7 22. Rf1 Ne5 23. Bg5 Bxg5 24. Qxg5 Kh8 25. Rf4 f6 26. Qh5 Ng6 27. Rf2 Re5 28. Qd1 Qb7 29. Qd2 Rae8 30. Raf1 Qc8 31. Kh2 Qd8 32. Rf3 Qa5 33. a3 Qd8 34. Bb1 Qc8 35. Rg3 Qd8 36. Rff3 Qc8 37. Re3 Qd8 38. Qc2 f5 39. Nf3 f4 40. Rxg6 Rh5 41. Rg5 Rxg5 42. Nxg5 Qxg5 43. Rf3 Qe5 44. Qf2 g5 45. Bc2 h5 46. Kg1 a5 47. Qd4 a4 48. Qxe5+ Rxe5 49. h4 Bg4 50. Rf2 gxh4 51. Rxf4 Kg7 52. Kf2 Re7 53. Ke3 Rf7 54. Rxf7+ Kxf7 55. Kd4 Kf6 56. e5+ Ke7 57. Bg6 Be2 58. Ke3 Bg4 59. e6 Kf6 60. Be8 Ke7 61. Bxb5 Kf6 62. Bxa4 h3 63. gxh3 Bxh3 64. Bd1 h4 65. Kf4 Bg2 66. Kg4 Bxd5 67. Kxh4 Kxe6 68. Kg3 Ke5 69. Bf3 Bf7 70. Kf2 Be8 71. Ke3 Ba4 72. Bb7 Bb5 73. Bc8 Bc6 74. Ba6 Kd5 75. Kf4 Kc5 76. Kf5 Bd7+ 77. Kf6 Bc6 78. Bc8 Bb5 79. Bg4 Ba4 80. Bf3 Bb3 81. Ke7 Ba4 82. Ke6 Bc2 83. Kd7 Ba4+ 84. Ke7 d5 85. Bg4 d4 86. cxd4+ Kxd4 87. Bf5 Bb3 88. Kd6 c3 89. bxc3+ Kxc3 90. Kc5 Bd1 91. Be6 Bc2 92. Kb5 Bd1 93. Kc5 Bb3 94. Bd7 Bd1 95. Kb5 Bc2 96. Be6 Bd1 97. Bd5 1/2-1/2

[Event "IND-ch (Women) 32nd"]
[Site "Visakhapatnam"]
[Date "2006.04.14"]
[Round "15"]
[White "Alka, Das"]
[Black "Iswarya, Shobhana L"]
[Result "1/2-1/2"]
[WhiteElo "2019"]
[BlackElo "2150"]
[PlyCount "145"]
[EventDate "2006.04.03"]
[EventType "tourn"]
[EventRounds "19"]
[EventCountry "IND"]
[SourceTitle "CBM 111 Extra"]
[Source "ChessBase"]
[SourceDate "2006.05.09"]
[SourceVersion "1"]
[SourceVersionDate "2006.05.09"]
[SourceQuality "1"]

1. e4 c5 2. Nf3 d6 3. Nc3 a6 4. a4 Nf6 5. Be2 e5 6. 0-0 Be7 7. d3 Nc6 8. Nd5 Rb8 9. c3 0-0 10. Ne1 Be6 11. Nxe7+ Qxe7 12. f4 exf4 13. Bxf4 h6 14. d4 cxd4 15. cxd4 Bd7 16. e5 dxe5 17. dxe5 Nxe5 18. Nd3 Nxd3 19. Qxd3 Rbe8 20. Bf3 Qb4 21. Bd6 Qb6+ 22. Kh1 Re3 23. Qd2 Rfe8 24. b4 R3e6 25. Bc5 Qc7 26. a5 Bc6 27. Bb6 Qb8 28. Bd1 Bb5 29. Rg1 Ne4 30. Qb2 Qf4 31. Bf3 Qh4 32. Bxe4 Rxe4 33. Qf2 Qg5 34. Qc5 R4e5 35. Qc1 Qh4 36. Qc3 Re4 37. Bc5 Bc6 38. Ra3 Rg4 39. Qh3 Qxh3 40. Rxh3 Re2 41. Rg3 Rxg3 42. hxg3 Kh7 43. Kh2 g5 44. g4 Kg6 45. Kg3 Bd5 46. Bf2 Re4 47. Rd1 Be6 48. Rd4 Rxd4 49. Bxd4 f5 50. gxf5+ Kxf5 51. Bb6 Bd5 52. Bc7 h5 53. Bd6 Kg6 54. Be7 h4+ 55. Kf2 Kf5 56. Bd8 Kg4 57. Be7 Kh5 58. Bd8 g4 59. Be7 g3+ 60. Kg1 Kg4 61. Bd8 h3 62. gxh3+ Kxh3 63. Bc7 Kg4 64. Bd6 Kf3 65. Bc7 g2 66. Bb6 Ke2 67. Bc5 Kd3 68. Bb6 Kc4 69. Bc5 Kb5 70. Bf8 b6 71. axb6 Kxb6 72. Be7 Kb5 73. Bf8 1/2-1/2

[Event "IND-ch (Women) 32nd"]
[Site "Visakhapatnam"]
[Date "2006.04.13"]
[Round "13"]
[White "Amrutha, Mokal"]
[Black "Alka, Das"]
[Result "1-0"]
[WhiteElo "2126"]
[BlackElo "2019"]
[PlyCount "73"]
[EventDate "2006.04.03"]
[EventType "tourn"]
[EventRounds "19"]
[EventCountry "IND"]
[SourceTitle "CBM 111 Extra"]
[Source "ChessBase"]
[SourceDate "2006.05.09"]
[SourceVersion "1"]
[SourceVersionDate "2006.05.09"]
[SourceQuality "1"]

1. e4 c5 2. Nf3 Nc6 3. d4 cxd4 4. Nxd4 Nf6 5. Nc3 e5 6. Ndb5 d6 7. Bg5 a6 8. Na3 b5 9. Bxf6 gxf6 10. Nd5 f5 11. Bd3 Be6 12. 0-0 Bxd5 13. exd5 Ne7 14. Re1 Bg7 15. c3 0-0 16. Qh5 e4 17. Bf1 Qc8 18. Rad1 Ng6 19. Nc2 Re8 20. Nb4 Ra7 21. Re3 f4 22. Rh3 h6 23. Nc6 Rc7 24. c4 bxc4 25. Bxc4 Ne5 26. b3 f5 27. Bxa6 Qd7 28. Nd4 Ra8 29. Bb5 Qf7 30. Nxf5 Qxh5 31. Rxh5 Rxa2 32. Nxd6 Rcc2 33. Nxe4 Ng4 34. d6 Nxf2 35. d7 Nxd1 36. d8Q+ Kf7 37. Qe8# 1-0

[Event "IND-ch (Women) 32nd"]
[Site "Visakhapatnam"]
[Date "2006.04.12"]
[Round "12"]
[White "Alka, Das"]
[Black "Karavade, Eesha"]
[Result "1/2-1/2"]
[WhiteElo "2019"]
[BlackElo "2332"]
[PlyCount "105"]
[EventDate "2006.04.03"]
[EventType "tourn"]
[EventRounds "19"]
[EventCountry "IND"]
[SourceTitle "CBM 111 Extra"]
[Source "ChessBase"]
[SourceDate "2006.05.09"]
[SourceVersion "1"]
[SourceVersionDate "2006.05.09"]
[SourceQuality "1"]

1. e4 c5 2. Nf3 d6 3. d4 cxd4 4. Nxd4 Nf6 5. Nc3 a6 6. Be2 e5 7. Nb3 Be7 8. Be3 Be6 9. Nd5 Nbd7 10. Nxe7 Qxe7 11. f3 d5 12. exd5 Nxd5 13. Bf2 0-0 14. 0-0 Rac8 15. Re1 Qg5 16. Bf1 Rfd8 17. c3 Nf4 18. Be3 Nc5 19. Qc2 Bf5 20. Qc1 Ncd3 21. Bxf4 exf4 22. Bxd3 Rxd3 23. Nd4 Bg6 24. Rd1 Re3 25. Qd2 h5 26. Qf2 Rce8 27. Rac1 h4 28. h3 Bd3 29. Rd2 b5 30. Rcd1 Bc4 31. b3 Bd5 32. Kh1 Bb7 33. Re2 Rc8 34. Rxe3 fxe3 35. Qc2 Re8 36. Re1 Qg3 37. Qe2 Bc8 38. Rf1 Qf4 39. Qd3 Rd8 40. Re1 b4 41. Qxe3 Qxe3 42. Rxe3 bxc3 43. Rxc3 Bxh3 44. gxh3 Rxd4 45. Rc2 Kf8 46. Re2 g6 47. Kg2 Kg7 48. Kf2 Kf6 49. Re4 Rd2+ 50. Re2 Rd1 51. Re4 Rd2+ 52. Re2 Rd1 53. Re1 1/2-1/2

[Event "IND-ch (Women) 32nd"]
[Site "Visakhapatnam"]
[Date "2006.04.08"]
[Round "7"]
[White "Vijayalakshmi, Subbaraman"]
[Black "Alka, Das"]
[Result "1-0"]
[WhiteElo "2479"]
[BlackElo "2019"]
[PlyCount "75"]
[EventDate "2006.04.03"]
[EventType "tourn"]
[EventRounds "19"]
[EventCountry "IND"]
[SourceTitle "CBM 111 Extra"]
[Source "ChessBase"]
[SourceDate "2006.05.09"]
[SourceVersion "1"]
[SourceVersionDate "2006.05.09"]
[SourceQuality "1"]

1. b3 e5 2. Bb2 Nc6 3. g3 d5 4. Bg2 Be6 5. d3 Bd6 6. Nd2 Nge7 7. a3 Qd7 8. c4 a5 9. Ngf3 h6 10. Qc2 b6 11. 0-0 0-0 12. Rac1 d4 13. Ne4 f5 14. Nxd6 cxd6 15. e3 dxe3 16. fxe3 Rad8 17. Qc3 Rf6 18. b4 f4 19. b5 Nb8 20. exf4 exf4 21. Rce1 Ng6 22. Nd2 Kh7 23. Ne4 Rf7 24. Rf2 Rdf8 25. Qd4 f3 26. Nxd6 fxg2 27. Nxf7 Qxd4 28. Bxd4 Bxf7 29. Bxb6 Nd7 30. Bd4 Re8 31. Rxe8 Bxe8 32. Re2 Bf7 33. c5 Bd5 34. c6 Nf6 35. Bxf6 gxf6 36. d4 Nf8 37. c7 Bb7 38. Re8 1-0

[Event "IND-ch (Women) 32nd"]
[Site "Visakhapatnam"]
[Date "2006.04.07"]
[Round "5"]
[White "Supriya, Maji"]
[Black "Alka, Das"]
[Result "0-1"]
[WhiteElo "2085"]
[BlackElo "2019"]
[PlyCount "128"]
[EventDate "2006.04.03"]
[EventType "tourn"]
[EventRounds "19"]
[EventCountry "IND"]
[SourceTitle "CBM 111 Extra"]
[Source "ChessBase"]
[SourceDate "2006.05.09"]
[SourceVersion "1"]
[SourceVersionDate "2006.05.09"]
[SourceQuality "1"]

1. e4 c5 2. b3 Nc6 3. Bb2 e6 4. Nf3 Nf6 5. Nc3 d5 6. e5 Nd7 7. Bb5 Be7 8. Qe2 d4 9. Nb1 Qc7 10. 0-0 0-0 11. Re1 Nb4 12. Na3 a6 13. Bd3 Nxd3 14. Qxd3 b5 15. c3 dxc3 16. dxc3 Bb7 17. c4 b4 18. Nb1 f6 19. Nbd2 f5 20. Qe3 Qc6 21. h4 Kh8 22. Kf1 Rad8 23. Qf4 Rg8 24. Ke2 Nb6 25. Rh1 Rd7 26. Ng5 Bxg5 27. hxg5 g6 28. Nf3 Rgd8 29. Rad1 Qe4+ 30. Qxe4 Bxe4 31. Rxd7 Rxd7 32. Rd1 a5 33. Rd6 Bxf3+ 34. Kxf3 Rxd6 35. exd6+ Kg8 36. Bf6 Kf7 37. Bd8 Nd7 38. Ke3 e5 39. Bxa5 Ke6 40. Bc7 Nf8 41. Kd2 Kd7 42. Kc2 Ne6 43. Kb2 Nxg5 44. a3 bxa3+ 45. Kxa3 Ne4 46. b4 cxb4+ 47. Kxb4 Nxd6 48. Bb8 Kc6 49. Bxd6 Kxd6 50. Kb5 Kc7 51. Kc5 e4 52. Kd5 Kd7 53. c5 Kc7 54. Kc4 Kc6 55. Kd4 h6 56. Kc4 h5 57. Kd4 h4 58. Ke3 Kxc5 59. Kf4 Kd4 60. Kg5 Kd3 61. Kxh4 Ke2 62. Kg3 g5 63. f4 gxf4+ 64. Kxf4 Kf2 0-1

[Event "IND-ch (Women) 32nd"]
[Site "Visakhapatnam"]
[Date "2006.04.03"]
[Round "1"]
[White "Kiran, Manisha Mohanty"]
[Black "Alka, Das"]
[Result "1-0"]
[WhiteElo "2261"]
[BlackElo "2019"]
[PlyCount "145"]
[EventDate "2006.04.03"]
[EventType "tourn"]
[EventRounds "19"]
[EventCountry "IND"]
[SourceTitle "CBM 111 Extra"]
[Source "ChessBase"]
[SourceDate "2006.05.09"]
[SourceVersion "1"]
[SourceVersionDate "2006.05.09"]
[SourceQuality "1"]

1. e4 c5 2. Nf3 Nc6 3. d4 cxd4 4. Nxd4 Nf6 5. Nc3 e5 6. Ndb5 d6 7. Bg5 a6 8. Na3 b5 9. Bxf6 gxf6 10. Nd5 f5 11. exf5 Bxf5 12. c3 Bg7 13. Nc2 0-0 14. Nce3 Be6 15. g3 Ra7 16. Bg2 f5 17. Qh5 b4 18. 0-0 bxc3 19. bxc3 Ne7 20. Nxe7+ Qxe7 21. Nd5 Qf7 22. Qxf7+ Bxf7 23. Rfd1 Rc8 24. Bh3 Rc5 25. c4 Rxc4 26. Bxf5 Rd4 27. Rxd4 exd4 28. Be4 Bxd5 29. Bxd5+ Kf8 30. Rc1 Ke7 31. Kf1 Kf6 32. Ke2 Re7+ 33. Kd3 Re5 34. Bc4 Rc5 35. Rc2 a5 36. a4 Kf5 37. f3 h5 38. Bf7 Rxc2 39. Kxc2 h4 40. Be8 Ke6 41. Kd3 Be5 42. f4 hxg3 43. hxg3 Bg7 44. g4 Bh6 45. g5 Bg7 46. Bg6 Bh8 47. Ke4 d5+ 48. Kf3 Kd6 49. Ke2 Ke6 50. Kd3 Kd6 51. Bh5 Ke6 52. Bg4+ Kd6 53. Bf5 Bg7 54. Ke2 Kc5 55. Bd7 Kd6 56. Bb5 Ke6 57. Kf3 Bf8 58. Kg4 Bb4 59. Bd3 Be7 60. Kh5 Kf7 61. Kh6 Bf8+ 62. Kh7 Bg7 63. f5 Be5 64. Bc2 Kf8 65. Kg6 d3 66. Bxd3 d4 67. f6 Bf4 68. Kf5 Be3 69. g6 Bh6 70. Bc4 d3 71. Bxd3 Kg8 72. Bc4+ Kf8 73. Ke4 1-0